000 00567cam a22002053a 4500
001 45622
003 PGUSA
005 20140828084045.0
008 140510s2014||||xxu|||||s|||||000 | eng d
040 _aPGUSA
_beng
042 _adc
100 1 _aWells, Carolyn,
_d1862-1942
245 1 4 _aThe Curved Blades
_h[electronic resource] /
_cCarolyn Wells
260 _bProject Gutenberg,
_c2014
506 _aPublic domain in the USA.
516 _aElectronic text
830 0 _aProject Gutenberg
_v45622
856 4 0 _uhttp://www.gutenberg.org/ebooks/45622
942 _cEB
999 _c274872
_d274872